000 00696nam a2200253 a 4500
001 65379
003 BD-RjUL
005 20211209081422.0
008 170305s1954 enk 000 0 eng
035 _a(BD-RjUL)65509
040 _aDLC
_cCarP
_dBD-RjUL
_beng
041 _aeng
082 _223
_a960
_bBAA 1954
100 1 _aBatten, Thomas Reginald
_9193485
245 1 0 _aAfrica, past and present /
_cT. R. Batten
250 _a2d ed.
260 _aLondon :
_bOxford University Press,
_c1954.
300 _a108 p. :
_bill. ;
_c18 cm.
490 _aAfrican Welfare
651 0 _aAfrica
_xHistory.
_9193366
830 _aAfrican Welfare
_9193489
942 _2ddc
_cBK
999 _c65379
_d65379